Pensadores sociales contemporáneos : (Record no. 162250)

MARC details
000 -LEADER
fixed length control field 00794nam a22002177a 4500
005 - DATE AND TIME OF LATEST TRANSACTION
control field 20220527123009.0
008 - FIXED-LENGTH DATA ELEMENTS--GENERAL INFORMATION
fixed length control field 220527b ag ||||| |||| 00| 0 spa d
020 ## - INTERNATIONAL STANDARD BOOK NUMBER
International Standard Book Number 9789871074600
050 04 - LIBRARY OF CONGRESS CALL NUMBER
Classification number HM19
Item number P46 2009
245 00 - TITLE STATEMENT
Title Pensadores sociales contemporáneos :
Remainder of title sociedad, política, comunicación, cultura, democracia
Statement of responsibility, etc / Marta Fernández, compiladora
250 ## - EDITION STATEMENT
Edition statement 1a ed.
260 ## - PUBLICATION, DISTRIBUTION, ETC. (IMPRINT)
Place of publication, distribution, etc Buenos Aires, Argentina :
Name of publisher, distributor, etc Ediciones del Signo,
Date of publication, distribution, etc 2009.
300 ## - PHYSICAL DESCRIPTION
Extent 204 p. :
Dimensions 22 cm.
650 #7 - SUBJECT ADDED ENTRY--TOPICAL TERM
Source of heading or term Lemb
Topical term or geographic name as entry element Sociología
650 #7 - SUBJECT ADDED ENTRY--TOPICAL TERM
Source of heading or term Lemb
Topical term or geographic name as entry element Sociología política
700 1# - ADDED ENTRY--PERSONAL NAME
Personal name Raquel Barbosa, Susana,
Relator term colaboradora.
700 1# - ADDED ENTRY--PERSONAL NAME
Personal name Bulcourf, Pablo,
Relator term colaborador.
700 1# - ADDED ENTRY--PERSONAL NAME
Personal name Menéndez, Cristina,
Relator term colaboradora
700 1# - ADDED ENTRY--PERSONAL NAME
Personal name Cruz Vázquez, Juan,
Relator term colaborador.
942 ## - ADDED ENTRY ELEMENTS (KOHA)
Source of classification or shelving scheme Biblioteca del Cogreso de los Estados Unidos
Koha item type Libro
Holdings
Estado de pérdida Fuente de clasificación Estado del daño No para préstamo Ubicación permanente Ubicación actual Apartado o colección Fecha de adquisición Edición Área del conocimiento Total Checkouts Clasificación Código de Barras Date last seen Número de copia Costo por reposición Tipo de recurso
  Biblioteca del Cogreso de los Estados Unidos     Biblioteca del Instituto de Investigaciones Históricas Biblioteca del Instituto de Investigaciones Históricas General 27/05/2022 1a ed. Ciencias Sociales y Administrativas   HM19 P46 2009 IIH000032921 27/05/2022 C:1 1.00 Libro